Human embryology and developmental biology / (Record no. 7250)

MARC details
000 -LEADER
fixed length control field 01854cam a2200325 4500
001 - CONTROL NUMBER
control field 8389
003 - CONTROL NUMBER IDENTIFIER
control field OCoLC
005 - DATE AND TIME OF LATEST TRANSACTION
control field 20181127185805.0
008 - FIXED-LENGTH DATA ELEMENTS--GENERAL INFORMATION
fixed length control field 040106s2004 moua b 001 0 eng
010 ## - LIBRARY OF CONGRESS CONTROL NUMBER
LC control number 2004040246
020 ## - INTERNATIONAL STANDARD BOOK NUMBER
International Standard Book Number 0323014879
International Standard Book Number 032303649X
Terms of availability (pbk)
082 ## - DEWEY DECIMAL CLASSIFICATION NUMBER
Classification number 612.6
Item number
Edition number
100 1# - MAIN ENTRY--PERSONAL NAME
Personal name Carlson, Bruce M
245 10 - TITLE STATEMENT
Title Human embryology and developmental biology /
Statement of responsibility, etc. Bruce M. Carlson
250 ## - EDITION STATEMENT
Edition statement 3rd ed
260 ## - PUBLICATION, DISTRIBUTION, ETC.
Place of publication, distribution, etc. St. Louis, Mo. :
Name of publisher, distributor, etc. Mosby,
Date of publication, distribution, etc. c2004
300 ## - PHYSICAL DESCRIPTION
Extent xv, 527 p. :
Other physical details col. ill. ;
Dimensions 28 cm
500 ## - GENERAL NOTE
General note ""Online access + interactive extras""
General note Updated ed. of: Human embryology & developmental biology / Bruce M. Carlson. 3rd ed. c2004
504 ## - BIBLIOGRAPHY, ETC. NOTE
Bibliography, etc. note Includes bibliographical references and index
505 0# - FORMATTED CONTENTS NOTE
Formatted contents note Developmental tables -- Early development and the fetal-maternal relationship -- Getting ready for pregnancy -- Transport of gametes and fertilization -- Cleavage and implantation -- Molecular basis for embryonic development -- Formation of germ layers and early derivatives -- Establishment of the basic embryonic body plan -- Placenta and extraembryonic membranes -- Developmental disorders : causes, mechanisms, and patterns -- Development of the body systems -- Integumentary, skeletal and muscular systems -- Limb development -- Nervous system -- Neural crest -- Sense organs -- Head and neck -- Digestive and respiratory systems and body cavities -- Urogenital system - Cardiovascular system -- Fetal period and birth -- Answers to clinical vignettes and review questions
650 #0 - SUBJECT ADDED ENTRY--TOPICAL TERM
Topical term or geographic name entry element Developmental biology
Topical term or geographic name entry element Embryology, Human
Topical term or geographic name entry element Human growth
Topical term or geographic name entry element Embryonic Development
General subdivision physiology
Topical term or geographic name entry element Fetal Development
General subdivision physiology
700 1# - ADDED ENTRY--PERSONAL NAME
Personal name Carlson, Bruce M.
Title of a work Human embryology & developmental biology
Holdings
Withdrawn status Lost status Source of classification or shelving scheme Damaged status Not for loan Collection code Home library Current library Shelving location Serial Enumeration / chronology Inventory number Total Checkouts Full call number Barcode Date last seen Price effective from Koha item type
    Dewey Decimal Classification     Main TEST RTC Library RTC Library Main opac 12850   612.6 CAR 30011610 27/11/2018 27/11/2018 Main
Royal Thimphu College || All Right Reserved